| 000 | 01259nam0a22003371 4500 | ||
|---|---|---|---|
| 001 | rc\2185250 | ||
| 005 | 20170619144806.0 | ||
| 035 | _a(NLR Aleph) 006520457 | ||
| 090 |
_a6424495 _c6424495 |
||
| 100 | _a20110826d1978 |||y0rusy50 ca | ||
| 101 | 1 |
_arus _cmol |
|
| 102 | _aRU | ||
| 105 | _aa z |||a| | ||
| 200 | 1 |
_aМужество _eСтихи _fАвториз. пер. с молд. В. Кочеткова _g[Худож. А.Г. Демыкин] |
|
| 210 |
_aМосква _cСов. писатель _d1978 |
||
| 215 |
_a110 с. _cил. _d16 |
||
| 327 | 0 | _aЦиклы: Письмена; Свет и тени | |
| 464 | 0 | _12001#$aПисьмена$aСвет и тени | |
| 686 |
_aШ5(2-Мол)7-65я44 _2rubbk |
||
| 686 |
_aШ5(2-Р)75-657КостенкоН. _2rubbk |
||
| 700 | 1 |
_aКостенко _bН. Ф. _f1913- _gНиколай Федорович |
|
| 702 | 1 |
_aКочетков _bВ. И. _cпоэт, переводчик _f1923-2001 _gВиктор Иванович _3RU\NLR\AUTH\770174857 _4730 |
|
| 702 | 1 |
_aДемыкин _bА. Г. _4440 |
|
| 801 | 0 |
_aRU _bNLR _gpsbo |
|
| 801 | 1 |
_aRU _bELAR _2rusmarc |
|
| 852 |
_aNLR _j78-2/3495 |
||
| 899 |
_aRuMoRGB _jБ 78-43/1065 |
||
| 899 |
_aRuMoRGB _jБ 78-43/1066 |
||
| 942 | _cBOOK | ||
| 980 | _aNB | ||